00521nam a22001572 4500001001100000005001700011008004100028020001300069040001500082110004300097245012200140250001300262260002600275300001900301610004300320000000957920151217155840.0081111s xx 000 0 eng d cDonation aKABUcKABU2 aChurch Missionary Society.@000014962614aThe Centenary volume of the Church Missionary Society for Africa and the East 1799-1899 /cChurch Missionary Society. a1st ed. aLondon :bCMS,c1902. axi, [1555] p.20aChurch Missionary Society.@0000149626